3 Point Buzzer Beater in the Playoffs - Statistics

General Stats
  • This quiz has been taken 4 times
  • The average score is 2 of 13
Answer Stats
Game Winning 3 Point Buzzer-Beater/s Answer % Correct
2 LeBron James
100%
Luka Dončić
50%
Damian Lillard
25%
Derrick Rose
25%
1 Anthony Davis
0%
Dudley Bradley
0%
Eddie Johnson
0%
Gus Williams
0%
John Stockton
0%
OG Anunoby
0%
Robert Horry
0%
Stephon Marbury
0%
Vince Carter
0%
No matching quizzes found
Score Distribution
Percent of People with Each Score
Percentile by Number Answered
Your Score History
You have not taken this quiz